Gender, migration and social change /

sin resumen

Kaydedildi:
Detaylı Bibliyografya
Yazar: Tienda, Marta
Diğer Yazarlar: Booth, Karen
Materyal Türü: Metin
Etiketler: Etiketle
Etiket eklenmemiş, İlk siz ekleyin!

MARC

LEADER 00000 a a2200000 04500
001 8876
003
040
100 |a Tienda, Marta  
245 |a Gender, migration and social change /  |c Marta Tienda ; Karen Booth 
520 |a sin resumen  
700 |a Booth, Karen  
773 |g volumen 6, número 1; páginas 51-72  
999 |c 36004  |d 36004